| 000 | 00447nam a2200181Ia 4500 | ||
|---|---|---|---|
| 008 | 230524s9999 xx 000 0 und d | ||
| 020 | _a0534945244 | ||
| 082 |
_a628.44564 _bowe |
||
| 100 |
_aIssa S. Oweis _944992 |
||
| 245 | 0 | _aGeotechnology Of Waste Management | |
| 250 | _a2 | ||
| 260 |
_aBoston _bPWS _c1998 |
||
| 300 | _a"xiii,472p;" | ||
| 500 | _aQuantity Number: 1 | ||
| 650 | _aCivil | ||
| 700 |
_aRaj P. Khera _944993 |
||
| 942 | _cBK | ||
| 999 |
_c60599 _d60599 |
||